Detroit Lions - Statistics

General Stats
  • This quiz has been taken 24 times
  • The average score is 10 of 15
Answer Stats
Hint Answer % Correct
Jared Goff Quarterback
95%
Jahmyr Gibbs Runningback
95%
Amon-Ra St. Brown
Wide Receiver
95%
Aiden Hutchinson Defensive End
89%
Sam LaPorta Tight End
89%
Alex Anzalone Linebacker
84%
Jake Bates Kicker
79%
Jack Fox Punter
74%
Kerby Joseph Safety
74%
Terrion Arnold Cornerback
68%
Brain Branch Defensive Back
68%
Graham Glassgow Offensive Lineman
53%
Trystan Colon Center
37%
Penei Sewell Right Tackle
26%
Dan Skipper Tackle
16%
No matching quizzes found
Score Distribution
Percent of People with Each Score
Percentile by Number Answered
Your Score History
You have not taken this quiz